| 000 | 01416 a2200241 4500 | ||
|---|---|---|---|
| 005 | 2008082807517.0 | ||
| 008 | 080828t xxu||||| |||| 00| 0 hin d | ||
| 010 | _aHIN-82602 | ||
| 020 |
_c225.00 _a818831711x |
||
| 035 | _aHN-54948 | ||
| 037 | _bपु.प्र.अ.प्र/प्रका | ||
| 082 | _a841 | ||
| 100 | _aचतुर्वेदी, विश्वम्भरशरण | ||
| 245 |
_aदीवान-ए-ग़ालिब(दोहों में); दीवान-ए-ग़ालिब के कुछ मशहूर शेरों का दोहानुवाद / _cविश्वम्भरशरण चतुर्वेदी |
||
| 246 |
_aDeewan-E-Ghalib(Dohon mein) _bby Vishwambhar Sharan Chaturvedi |
||
| 260 |
_aदिल्ली _bमाईड एण्ड बॉडी ग्रोथ ओरिजिन _c2007 |
||
| 270 |
_a1/6588, सी/रोहतास नगर(पूर्व), शाहदरा _bदिल्ली _e110032 _k011- 22328142 |
||
| 300 |
_a144पृ _c22 सेमी (सजिल्द) |
||
| 650 | _aहिन्दी कविताएँ | ||
| 650 | _aHindi Poems | ||
| 942 |
_adpl _cHN _k841 / चतुर्वे _2ddc _h841 _mचतुर्वे |
||
| 999 |
_c10717 _d10717 |
||